The Decline of the Muslim Ummah. (Record no. 347394)
[ view plain ]
| 000 -LEADER | |
|---|---|
| fixed length control field | 00390 a2200157 4500 |
| 020 ## - INTERNATIONAL STANDARD BOOK NUMBER | |
| International Standard Book Number | 9698854002 |
| 082 ## - DEWEY DECIMAL CLASSIFICATION NUMBER | |
| Classification number | 297.65 |
| 090 ## - LOCALLY ASSIGNED LC-TYPE CALL NUMBER (OCLC); LOCAL CALL NUMBER (RLIN) | |
| -- | 4966 |
| -- | 4966 |
| 100 ## - MAIN ENTRY--PERSONAL NAME | |
| Personal name | Hussain,Iqbal S. |
| 245 ## - TITLE STATEMENT | |
| Title | The Decline of the Muslim Ummah. |
| Statement of responsibility, etc. | Iqbal S.Hussain |
| 250 ## - EDITION STATEMENT | |
| Edition statement | 1st |
| 260 ## - PUBLICATION, DISTRIBUTION, ETC. | |
| Place of publication, distribution, etc. | Lahore |
| Name of publisher, distributor, etc. | Humanity International |
| Date of publication, distribution, etc. | 2004 |
| 300 ## - PHYSICAL DESCRIPTION | |
| Extent | 468p |
| 500 ## - GENERAL NOTE | |
| General note | Hard cover |
| 942 ## - ADDED ENTRY ELEMENTS (KOHA) | |
| Institution code [OBSOLETE] | NBS |
| Koha item type | Book |
| Call number prefix | 297.65 IQB |
| Withdrawn status | Lost status | Damaged status | Not for loan | Permanent Location | Current Location | Shelving location | Date acquired | Total Checkouts | Total Renewals | Full call number | Barcode | Date last seen | Date last checked out | Price effective from | Koha item type |
|---|---|---|---|---|---|---|---|---|---|---|---|---|---|---|---|
| Central Library (CL) | Central Library (CL) | First Floor - Islam | 08/28/2013 | 4 | 2 | 297.65 IQB | NBS5870 | 01/14/2025 | 09/16/2024 | 08/28/2013 | Book |
